Record of current educational publications; comprising publications received by Bureau of Education to Jan. 1, 1927.

Bibliographic Details
Format: Government Document eBook
Language:English
Published: [Washington] : GPO, 1927.
Subjects:
Online Access:Connect to the full text of this electronic document

MARC

Tag First Indicator Second Indicator Subfields
LEADER 00000cam a22000001a 4500
001 in00003691821
005 20190408183211.0
006 m o d f
007 cr bn mmmapmmp
008 141208s1927 dcu o f000 0 eng d
035 |a ebd1910401782 
040 |a UMI  |c UMI  |d UtOrBLW 
086 0 |a I 16.3:927/2 
099 |a I16.3-24.2 
245 0 0 |a Record of current educational publications; comprising publications received by Bureau of Education to Jan. 1, 1927. 
264 1 |a [Washington] :  |b GPO,  |c 1927. 
300 |a 1 online resource (58 pages) 
336 |a text  |b txt  |2 rdacontent 
337 |a computer  |b c  |2 rdamedia 
338 |a online resource  |b cr  |2 rdacarrier 
533 |a Electronic reproduction.  |b [Bethesda, Md.] :  |c ProQuest,  |d 2014.  |e digital, PDF file.  |n ProQuest U.S. Executive Branch Documents  |n Mode of access: World Wide Web via ProQuest website. 
588 |a Record is based on online resource; title from PDF title page (ProQuest, last viewed Dec. 2014). Reuse except for individual research requires license from ProQuest, LLC. 
500 |a Electronic resource. 
650 0 |a Bibliography.  |0 http://id.loc.gov/authorities/subjects/sh85013838 
650 0 |a Education.  |0 http://id.loc.gov/authorities/subjects/sh85040989 
655 7 |a Electronic books.  |2 local 
856 4 0 |u http://proxy.library.tamu.edu/login?url=http://congressional.proquest.com/congressional/docview/t66.d71.i16.3-24.2  |z Connect to the full text of this electronic document  |t 0 
999 f f |s 3790b231-5c0e-34aa-8281-a220797dc26c  |i 8205715d-301c-3b1c-9b59-b1521e7b5563  |t 0 
952 f f |a Texas A&M University  |b College Station  |c Electronic Resources  |d Available Online  |t 0  |h No information provided 
998 f f |t 0  |l Available Online